ბათუმის შოთა რუსთაველის სახელმწიფო უნივერსიტეტის ბიბლიოთეკა

ბი- /პოლილინგი ბავშვის სამყაროს ენობრივი სურათის მეტაფორული მოდელირება: დისერტაცია / (ბიბ.ჩანაწერი № 55460)

000 -ლიდერი
ფიქსირებული სიგრძის საკონტროლო ველი 01298nam a2200241Ia 4500
001 - საკონტროლო ნომერი
საკონტროლო ველი 22542
003 - საკონტროლო ნომრის იდენტიფიკატორი
საკონტროლო ველი GE_BSU
005 - ბოლო ოპერაციის თარიღი და დრო
საკონტროლო ველი 20220920095602.0
008 - ფიქსირებული სიგრძის მონაცემთა ელემენტები - ზოგადი ინფორმაცია
ფიქსირებული სიგრძის საკონტროლო ველი 181216s2013||||ge |||||||||||||| ||geo||
040 ## - კატალოგიზაციის წყარო
Transcribing agency GE_BSU
041 ## - ენის კოდი
Language code of text/sound track or separate title geo
080 ## - უნივერსალური ათობითი კლასიფიკაციის ინდექსი
Universal Decimal Classification number 81 ლ-73
100 ## - მთავარი ჩანაწერი - პიროვნების სახელი
Personal name ღლონტი - ქათამაძე, ირმა
9 (RLIN) 11540
245 ## - ცნობა სათაურის შესახებ
Title ბი- /პოლილინგი ბავშვის სამყაროს ენობრივი სურათის მეტაფორული მოდელირება: დისერტაცია /
Statement of responsibility, etc ირმა ღლონტი-ქათამაძე; სამეცნიერო ხელმძღვანელი მ. აროშიძე.
264 ## - წარმოების, გამოცემის, დისტრიბუციის და სხვა ცნობები
გამოცემის, წარმოების, დისტრიბუციის... ადგილი ბათუმი,
გამოცემის, წარმოების, დისტრიბუციის... თარიღი 2013.
300 ## - ფიზიკური აღწერა
Extent 137 გვ. ;
Other physical details 30 სმ.
300 ## - ფიზიკური აღწერა
Accompanying material ბიბლ.გვ.130-137
653 ## - INDEX TERM--UNCONTROLLED
Uncontrolled term ბი-/პოლილინგი ბავშვის სამყაროს ენობრივი სურათის მეტაფორული მოდელირება
653 ## - INDEX TERM--UNCONTROLLED
Uncontrolled term ფილოლოგია
653 ## - INDEX TERM--UNCONTROLLED
Uncontrolled term დისერტაცია
700 ## - ADDED ENTRY--PERSONAL NAME
Personal name აროშიძე, მ.
Relator term სამეცნიერო ხელმძღვანელი
9 (RLIN) 11086
942 ## - ADDED ENTRY ELEMENTS (KOHA)
Koha item type წიგნი
Source of classification or shelving scheme
ეგზემპლარები
ჩამოწერის სტატუსი დაკარგული ეგზემპლარის სტატუსი კლასიფიკაციის წყარო ან თაროზე გაწყობის სქემა დაზიანების სტატუსი არ გაიცემა მუდმივი მდებარეობა (დაცვის ადგილი) ამჟამინდელი ადგილსამყოფელი შეძენის თარიღი სრული შენახვის შიფრი შტრიხკოდი ბოლო ოპერაციის თარიღი ეგზემპლარის მიმდევრობითი ნომერი (კეტერი?) ფასის ძალაში შესვლის თარიღი ეგზემპლარის სახეობა
        შიდა ფონდი ბათუმის შოთა რუსთაველის სახელმწიფო უნივერსიტეტის მთავარი ბიბლიოთეკა ბათუმის შოთა რუსთაველის სახელმწიფო უნივერსიტეტის მთავარი ბიბლიოთეკა 2021-04-22 81 ლ-73 159 დისერტაცია 2021-04-22 159 2021-04-22 დისერტაცია